Demand analysis of selected food products in the Slovak Republic for the period 2004-2014
Zmeny v spotrebe potravín na Slovensku, nielen v objeme spotreby, ale aj v štruktúre spotreby v každej z potravinových skupín. Faktory, ktoré ovplyvňujú spotrebu potravín - spotrebiteľské ceny, populačný nárast, vývoj distribučných sietí, úroveň reklamy, atď. Dostupnosť špecialít a kulinárskych tech...
Saved in:
| Main Author: | |
|---|---|
| Format: | Book Chapter |
| Language: | English |
| Subjects: | |
| Tags: |
No Tags, Be the first to tag this record!
|
MARC
| LEADER | 00000nla$a2200000$$$4500 | ||
|---|---|---|---|
| 001 | 0226605 | ||
| 005 | 20240502073730.1 | ||
| 041 | 0 | |a eng | |
| 044 | |a SK | ||
| 245 | 1 | 0 | |a Demand analysis of selected food products in the Slovak Republic for the period 2004-2014 |c Kristína Vrtíková |
| 520 | |a Zmeny v spotrebe potravín na Slovensku, nielen v objeme spotreby, ale aj v štruktúre spotreby v každej z potravinových skupín. Faktory, ktoré ovplyvňujú spotrebu potravín - spotrebiteľské ceny, populačný nárast, vývoj distribučných sietí, úroveň reklamy, atď. Dostupnosť špecialít a kulinárskych technológií celého kontinentu vďaka cestovnému ruchu. Správanie spotrebiteľov je pozitívne, ak uprednostňujú spotrebu domácich potravín, tovarov a služieb, čo ovplyvňuje hospodársky rast krajiny. Analýza požiadaviek je zameraná na základné potraviny slovenských domácností - ryžu, chlieb a cukor v rokoch 2004-2014. | ||
| 610 | 2 | 0 | |a potraviny |
| 610 | 2 | 0 | |a spotreba potravín |
| 610 | 2 | 0 | |a správanie spotrebiteľa |
| 610 | 2 | 0 | |a preferencie spotrebiteľské |
| 610 | 2 | 0 | |a Slovensko |
| 100 | 1 | |a Vrtíková, Kristína | |